000 00725nam a2200217Ia 4500
003 GCL
008 140319s9999 xx 000 0 ara d
020 _a5850301977
040 _aGCL /
_cGCL
082 0 4 _aق
_b923.2
_bح هـ
100 1 _aحسين كفافى
245 1 0 _aهنرى كورييل ( الاسطورة والوجه الاخر ) /
_cحسين كفافى
260 _aالقاهرة :
_bالهيئة المصرية العامة للكتاب ،
_c2003
300 _a271 ص ؛
_c22 سم
490 _aتاريخ المصريين
_v240
650 0 4 _aاليهود فى مصر
650 0 4 _aالشيوعية
650 0 4 _aالسياسيون - تراجم
650 0 4 _aهنرى كورييل
942 _2ddc
_cBK
999 _c51017
_d51017